1800 1568 1636 1687 1333 1120 1301 1050 1727 1057 1449 1722 1384 1266 1700 1657 1764 1996 1864 1681 1701 1819 1681 1763 1757 1648 1561 1249 1345 1669 1615 1544 1550 1780 1222 1611 1262 1926 1299 1351 1508 1262 1370 1013 1026 1760 1008 1021 1845 1973 1261 1990 1012 1467 1604 1367 1819 1180 1140 1904 1878 1809 1968 1444 1631 1878 1000 1416 1784 1324 1702 1499 1320 1708 1874 1628 1274 1637 1266 1052 1498 1790 1799 1511 1088 1969 1526 1310 1147 1307 1630 1773 1371 1145 1491 1535 1129 1486 1530 BCNSPRNW ULIB Ver.6.0+V

เปลี่ยนเป็นภาษาไทย

Change to English
 แสดงรายละเอียดบรรณานุกรม
  กลับหน้าหลัก

Brief Record : Get Marc (ISO 2709) : E-mail record : QR code < ปิดหน้าต่าง
LEADER : 00000nam 2200000uu 4500
001    13399122715
003     ULIB
008    020711s2555 th a 000 0 tha d
020    9789742473754
050  4 DS520^bป526ร
100    ปัณณภัทร
245    เราคืออาเซียน--บรูไนดารุสซาลาม /^cปัณณภัทร
250    พิมพ์ครั้งที่ 3
260    กรุงเทพฯ :^bอมรินทร์คอมมิกส์,^c2555
300    55 หน้า
440  0 ชุด เราคืออาเซียน
650  7 ประชาคมอาเซียน
650  7 อาเซียน
650  7 บรูไนดารุสซาลาม
945    ^p75^l0^i20154
999    ^aทศพร เกษรทอง
รายการนี้ยังไม่มีแท็ก
คุณยังไม่ได้ล็อกอิน คุณสามารถมีกิจกรรมร่วมกับเว็บไซต์ได้ แต่ต้องล็อกอินก่อน ::
  ล็อกอิน

รายการสื่อสารสนเทศ

ลำดับที่ ประเภท เลขเรียก/บาร์โค้ด สถานที่ สถานะ
1. การศึกษาทั่วไป
การศึกษาทั่วไป
DS520 ป526ร ฉ.1 
  Barcode: 20154
ห้องสมุดวิทยาเขตนครสวรรค์
►หนังสือทั่วไป:l:General Books
บนชั้น

รายการใกล้เคียง
    ผู้แต่ง [ปัณณภัทร]

    หัวเรื่อง [ประชาคมอาเซียน]
    หัวเรื่อง [อาเซียน]
    หัวเรื่อง [บรูไนดารุสซาลาม]

BibComment


ยังไม่เคยถูกคอมเมนท์

คอมเมนท์ทรัพยากรรายการนี้
  คอมเมนท์: เราคืออาเซียนบรูไ..


 Copyright 2026. Bcnsprnw @Library